Essentials of human physiology / (Record no. 16689)

000 -LEADER
fixed length control field 00620cam a2200181 a 4500
020 ## - INTERNATIONAL STANDARD BOOK NUMBER
ISBN 0697260585 (pbk.)
040 ## - CATALOGING SOURCE
Transcribing agency DLC
082 ## - DEWEY DECIMAL CLASSIFICATION NUMBER
Classification number 612 BRO 1996 A110 Or.
100 1# - MAIN ENTRY--AUTHOR NAME
Personal name Sheeler, Phillip.
245 10 - TITLE STATEMENT
Title Essentials of human physiology /
250 ## - EDITION STATEMENT
Edition statement 2nd ed.
260 ## - PUBLICATION, DISTRIBUTION, ETC. (IMPRINT)
Place of publication Dubuque, IA :
Name of publisher Wm. C. Brown Publishers,
Year of publication c1996.
300 ## - PHYSICAL DESCRIPTION
Number of Pages xvi, 458 p. :
Other physical details ill. ;
Dimensions 28 cm. +
Accompanying material 2 computer disks (3 1/2 in.)
500 ## - GENERAL NOTE
General note Includes index.
500 ## - GENERAL NOTE
General note System requirements for computer disks: IBM-compatible PC. This software is a Windows applicartion. Windows 3.1 or higher.
650 #0 - SUBJECT ADDED ENTRY--TOPICAL TERM
Topical Term Human physiology.
942 ## - ADDED ENTRY ELEMENTS (KOHA)
Koha item type សៀវភៅភាសាអង់គ្លេស
952 ## - LOCATION AND ITEM INFORMATION (KOHA)
Withdrawn status [LOCAL, KOHA] 0
Holdings
Permanent Location Date acquired Koha item type Lost status Shelving location Barcode Current Location Full call number
Library Block A2018-03-27សៀវភៅភាសាអង់គ្លេស A107A17082Library Block A612 BRO 1996 A107 Or.
មជ្ឈមណ្ឌលឯការនៃសាកលវិទ្យាល័យភូមិន្ទកសិកម្មចំការដូង

Powered by Koha